Loading...
Directorate of rice research research highlights 1994-95
| Format: | Report |
|---|---|
| Published: |
Hyderabad
Directorate of Rice Research
|
| LEADER | 00459nam a22001337a 4500 | ||
|---|---|---|---|
| 003 | OSt | ||
| 999 | |c 192691 |d 192691 | ||
| 082 | |a ICAR DRR/1994-95 | ||
| 245 | |a Directorate of rice research research highlights 1994-95 | ||
| 260 | |a Hyderabad |b Directorate of Rice Research | ||
| 300 | |a 43p. | ||
| 546 | |a English | ||
| 942 | |2 ddc |c REP | ||
| 952 | |0 0 |1 0 |2 ddc |4 0 |6 ICAR_DRR_199495 |7 1 |8 REF |9 199248 |a KAUCLV |b KAUCLV |c REPORTS |d 2019-09-02 |o ICAR DRR/1994-95 |p 207269 |r 2019-09-02 |w 2019-09-02 |y REP | ||